World Country General Knowledge Day 3; Colombia - Statistics

General Stats
  • This quiz has been taken 10 times
  • The average score is 6 of 17
Answer Stats
Question Answer % Correct
What is the capital of Colombia? Bogota
100%
What explorer, though he never stepped foot in Colombia,is the country named after? Christopher Colombus
90%
What Colombian pop artist has produced hitssuch as “Hips Don’t Lie” and “Chantaje?” Shakira
80%
What is Colombia’s official currency? The Colombian Peso
70%
What is the name of the legendary city that the Colombian Muisca people told tales of and sparked an age of searching? El Dorado
40%
What Pixar movie documented a Colombian family and produced a song that spent 15 weeks at no. 1 on the Billboard Hot 100? Encanto
40%
Who was the first president of Colombia? Simon Bolivar
40%
What Colombian actress and model won an Emmy for herrole on “Modern Family?” Sofia Vergara
30%
What valuable mineral does Colombia producethe most of? The Emerald
30%
What is Colombia’s de jure national sport? Tejo
20%
What Colombian coastal mountain range turns out to be the highest coastal mountain range in the world? The Sierra Nevada deSanta Marta
20%
What is the name of the Colombian river that rightfullyearned the nickname “River of Five Colors?” The Cano Cristales
10%
What was Colombian writer Gabriel Garcia Marquez’s most successful novel? 100 Years of Soltitude
0%
What disease has earned the Colombian city of Yarumal the nickname “natural laboratory” because 1 in 9 of its residents is afflicted with it? Alzheimer’s
0%
What was the name Colombian civil war from 1948-1958 La Violencia
0%
What popular species of tree does Colombia boast the tallest in theworld of? Palm Tree
0%
What is Colombia’s national animal? The Andean Condor
0%
No matching quizzes found
Score Distribution
Percent of People with Each Score
Percentile by Number Answered
Your Score History
You have not taken this quiz